Appendix ad hunc Tractatum ... D.D. [sic] de Roxas de incompatibilitate regnorum & maioratumm : ad quem sequentia duo capita referuntur : quorum prius ad partem septimam spectat, de incompatibilitate in iure canonico, posterius vero ad partem octauam de incompatibilitate in iure regio hispanico]. (Record no. 163878)

MARC details
000 -LEADER
campo de control de longitud fija 00938nam a2200205 i 4500
001 - NÚMERO DE CONTROL
campo de control 163878
003 - IDENTIFICADOR DE NÚMERO DE CONTROL
campo de control ES-MaACL
005 - FECHA Y HORA DE LA ÚLTIMA TRANSACCIÓN
campo de control 20230906212829.0
008 - DATOS DE LONGITUD FIJA--INFORMACIÓN GENERAL
campo de control de longitud fija 931025s1669 sp |||| | lat d
040 ## - FUENTE DE CATALOGACIÓN
Centro catalogador/agencia de origen CYL
Lengua de catalogación spa
Centro/agencia transcriptor PAB
100 1# - ENTRADA PRINCIPAL--NOMBRE DE PERSONA
Nombre de persona Rojas Jordan de Tortosa, Hermenegildo.
9 (RLIN) 132001
245 10 - MENCIÓN DEL TÍTULO
Título Appendix ad hunc Tractatum ... D.D. [sic] de Roxas de incompatibilitate regnorum & maioratumm : ad quem sequentia duo capita referuntur : quorum prius ad partem septimam spectat, de incompatibilitate in iure canonico, posterius vero ad partem octauam de incompatibilitate in iure regio hispanico].
260 ## - PUBLICACIÓN, DISTRIBUCIÓN, ETC.
Lugar de publicación, distribución, etc. Prostat Barcinone :
Nombre del editor, distribuidor, etc. apud Antonium Lacavalleria,
Fecha de publicación, distribución, etc. 1669.
300 ## - DESCRIPCIÓN FÍSICA
Extensión 22, [2] p. ;
Dimensiones Fol.
597 ## - NOTA DE DESCRIPCIÓN FÍSICA
NOTA DE DESCRIPCIÓN FÍSICA Sign.: A-C4.
597 ## - NOTA DE DESCRIPCIÓN FÍSICA
NOTA DE DESCRIPCIÓN FÍSICA Texto a dos col.
650 #4 - PUNTO DE ACCESO ADICIONAL DE MATERIA--TÉRMINO DE MATERIA
Término de materia o nombre geográfico como elemento de entrada Reyes y soberanos-
Subdivisión general Sucesión.
9 (RLIN) 155183
700 1# - ENTRADA AGREGADA--NOMBRE PERSONAL
Nombre de persona Lacavallería, Antonio.
9 (RLIN) 128557
852 ## - LOCALIZACIÓN
Ubicación ES-MaACL
Número de control de estantería R-1550(2)
Nota libre -- Enc. perg.
Encuadernación Olim: G-2980
Holdings
Estatus retirado Estado de pérdida Estado de daño No para préstamo Colección Biblioteca de origen Biblioteca actual Ubicación en estantería Fecha de adquisición Fuente de adquisición Total de préstamos Signatura topográfica completa Código de barras Visto por última vez Precio de reemplazo Tipo de ítem Koha
        Libros del s. XVII Biblioteca del Ateneo de Madrid Biblioteca del Ateneo de Madrid Depósito 17/01/2008     R-1550(2) 1171748 23/02/2023 23/02/2023 Libro impreso antiguo